00222 a2200109 4500001000700000020000600007040001100013100000600024240003900030245003400069362000900103163030 a  cMagnum a-10aA cabra e os seus cabritinhoslpor10aA cabra e os seus cabritinhos0 a1899